000 00321 a2200133 4500
001 87455
082 _aN-3567
090 _c41033
_d41033
100 _aNayyer, Dr
245 _aDatabase management [cds]
_pCAE9 Cds set
_bCS403
260 _aLahore
_b2005
_cVirtual University
500 _aCD/DVD
520 _avideo library
942 _aCAE NUST
_kN-3567
999 _c322528
_d322528